Der weg als ziel; (Record no. 1154)

MARC details
000 -LEADER
fixed length control field 00703cam a22002051 4500
001 - CONTROL NUMBER
control field af 47001203
003 - CONTROL NUMBER IDENTIFIER
control field DLC
005 - DATE AND TIME OF LATEST TRANSACTION
control field 20260227110807.0
008 - FIXED-LENGTH DATA ELEMENTS--GENERAL INFORMATION
fixed length control field 970416s1943 sz f 000 0 ger c
010 ## - LIBRARY OF CONGRESS CONTROL NUMBER
LC control number af 47001203
035 ## - SYSTEM CONTROL NUMBER
System control number (OCoLC)36747863
040 ## - CATALOGING SOURCE
Original cataloging agency Harvard univ. Library
Transcribing agency NN
Modifying agency DLC
050 00 - LIBRARY OF CONGRESS CALL NUMBER
Classification number G463
Item number .M225
100 1# - MAIN ENTRY--PERSONAL NAME
Personal name Maeder, Julius.
245 14 - TITLE STATEMENT
Title Der weg als ziel;
Remainder of title eine weltfahrt.
260 ## - PUBLICATION, DISTRIBUTION, ETC.
Place of publication, distribution, etc. Zürich-Zollikon,
Name of publisher, distributor, etc. E.A. Hofmann
Date of publication, distribution, etc. [1943]
300 ## - PHYSICAL DESCRIPTION
Extent 442 p. incl. plates.
Dimensions 18 cm.
500 ## - GENERAL NOTE
General note "Das vorliegende buch ... ist die zusammenfassung von tagebuchblättern, die auf meinen reisen zwischen den beiden weltkriegen entstanden sind."--p. [9].
650 #0 - SUBJECT ADDED ENTRY--TOPICAL TERM
Topical term or geographic name entry element Voyages and travels.

No items available.

Powered by Koha